000 00885nam a22002657a 4500
003 CHAP
005 20220329135204.0
008 971013s r 00010 d
010 _a32333
011 _a33305
035 _a37420
040 _cCHAP
090 _aR-1415
100 0 0 _aMason, Charles T., Jr.
_972777
245 _aPreliminary reports on the flora of Wisconsin No. 53. Genitianaceae and many anthaceae genitian and buckbean families
500 _aSobretiro de: Trans. Wisconsin Acad. Sci. Arts and Letters. 54:295-329, 1965
590 _aBATCH-UPD
_b10
_c20130110
_lUCH01
_h1040
590 _aBATCH-UPD
_b10
_c20130410
_lUCH01
_h0640
590 _aBATCH-UPD
_b10
_c20130914
_lUCH01
_h0730
590 _aCONVERSION
_b10
_c20130109
_lUCH01
_h1318
650 1 4 _aBotánica
_xE.U.A.
_914533
901 _aBK
942 _cREIMP
949 _aR-1415
_bBC
_cR
_d-85756
_eTS1
_i37420
_si
999 _c32333
_d32333